| 000 | 004260000a22001810004500 | ||
|---|---|---|---|
| 003 | MACL | ||
| 005 | 20160108121358.0 | ||
| 008 | 160108b xxu||||| |||| 00| 0 eng d | ||
| 040 |
_aMACL _cMACL |
||
| 041 | _aEnglish | ||
| 082 | _a910/HUR | ||
| 100 |
_aHurlimann, Martin _929514 |
||
| 245 | _aLondon | ||
| 260 |
_bThames and Hudson _c1956 _aLondon |
||
| 350 | _a20.31 | ||
| 650 |
_aTravel _929515 |
||
| 942 |
_cBK _k910/HUR _2ddc |
||
| 999 |
_c34742 _d34742 |
||